000 00724na a2200241 4500
001 23545
003 MIRAKIL
005 20181213155309.0
008 171030b tu 000 0
020 _a9755124942
040 _aMilas
_btur
_cTR-AnCHP
041 _atur
082 _a343.561056
_bS66 2000
090 _a343.561056 S66 2000
245 _aSorularla gümrük mevzuatı rehberi
_chazırlayan: Namık Küçükkutlu
260 _aİstanbul
_bİstanbul Ticaret Odası (İTO)
_c2000
300 _a83 s.
_c19 sm.
490 _aİstanbul Ticaret Odası
_vYayın no.: 2000-40
650 _aMevzuatlar
_xGümrük
651 _aTürkiye
_xGümrük mevzuatı
700 _aKüçükkutlu, Namık,
942 _2ddc
_cBKS
999 _c10149
_d10149